|
|
|
|
| LEADER |
00000nab a2200000uu 4500 |
| 001 |
vtls011146553 |
| 003 |
SK-MaSNL |
| 005 |
20260303190556.0 |
| 008 |
230222|1966 xo |||||||||||||||||fre| |
| 015 |
|
|
|a SNBRB
|
| 035 |
|
|
|a (urnnbn)urn:nbn:sk:snk:ar-008n3e
|
| 035 |
|
|
|a (uuid)9c951714-129b-4293-aee1-794806a6be04
|
| 035 |
|
|
|a urn:nbn:sk:snk-abax3e
|
| 040 |
|
|
|a SNKBUCL
|b slo
|c SNKBUCL
|e AACR2
|
| 041 |
0 |
|
|a fre
|
| 044 |
|
|
|a xo
|c SK
|
| 100 |
1 |
|
|a Povchanič, Štefan,
|d 1939-
|4 aut
|9 15158
|
| 245 |
1 |
0 |
|a GUILLEVIC ET LA POESIE "OBJECTALE"
|c Štefan Povchanič
|
| 773 |
0 |
|
|t Sborník Filozofickej fakulty Univerzity Komenského. Philologica
|g Roč. 18, č. 1 (1966), s. 99-106
|
| 958 |
|
|
|a OND
|
| 958 |
|
|
|a EUIPO
|
| 958 |
|
|
|a article14
|
| 999 |
|
|
|c 2136992
|d 2138922
|